LEADER 01504nam a2200313 i 4500 001 000000105230 003 CaOOAMICUS 005 20070524102306.0 008 070524s1999 it 000 b ita c 020 $a88-311-3146-X 040 $aPUG$bita$dPUL$dES 041 1 $aita$hgrc 100 0 $aCyrillus,$cs., patriarca di Alessandria,$dm. 444.$0(OLS)http://pul/name/6195 245 10$aEpistole cristologiche /$cCirillo di Alessandria ; introduzione, traduzione e note a cura di Giovanni Lo Castro. 260 $aRoma :$bCittà Nuova,$cc1999. 300 $a266 p. ;$c21 cm 490 1 $aCollana di testi patristici ;$v146 504 $aBibliografia in nota 700 1 $aLo Castro, Giovanni,$eed. e tr.$0(OLS)http://pul/name/64672 700 0 $aCyrillus,$cs., patriarca di Alessandria,$dm. 444.$tEpistulae.$0(OLS)http://pul/nameTitle/332$0(OLS)http://pul/name/6195$0(OLS)http://pul/title/7033 830 0$aCollana di testi patristici ;$v146.$0(OLS)http://pul/title/17027 850 $aPUL 852 $aPUL$W1$xSL Cons. Gen., Altre Classi 1$y1$m2000 E 146$j117918$qStampati$B117848$CPULBib$Z2$F117848 $H79444 $82 900 $aCirillo,$cs., patriarca di Alessandria,$dm. 444$96195 900 $aCirillo,$cs., patriarca di Alessandria,$dm. 444$96195 941 1 $a8 996 $6020$a88-311-3146-X$9(OLS)http://pul/number/134486 996 $6245$aEpistole cristologiche$9(OLS)http://pul/title/132383 996 $6260$aRoma :$bCittà Nuova$9(OLS)http://pul/publisher/47927 LEADER 01309nam a2200289 a 4500 001 000000175570 003 CaOOAMICUS 005 20230105114445.0 006 a 000 u 008 230105s2020 it u000 u ita r 032 $aLibriCat 040 $aPUL$bita 100 1 $aTrabacchin, Gianni.$0(OLS)http://pul/name/112831 245 13$aIl custode della diversità : $bGen 11, 1-9 - Babele e la tentazione mortale di parlare tutti la stessa lingua /$cGianni Trabacchin. 260 $aPadova :$b[s.n.],$c2019-2020. 300 $a186 p.;$c25 cm 500 $aSu front: Imprimi Potest datato 2 febbraio 2022. 502 $aEstratto da Tesi di Dottorato- Facoltà Teologica del Triveneto, 2022. 504 $aBibliografia: p.147-182. 630 04$aBiblia.$pV.T.$pGenesis$xCritica e interpretazione.$0(OLS)http://pul/subject/2021 710 2 $aFacoltà Teologica del Triveneto.$kTesi.$0(OLS)http://pul/name/86198 850 $aPUL 852 $aPUL$W1$xDP1 Tesi Varie$y51$m2022 B 7$j199677$qTesi$B204511$CPULBib$Z2$F204511 $82 941 1 $a16 996 $6245$aIl custode della diversità : $bGen 11, 1-9 - Babele e la tentazione mortale di parlare tutti la stessa lingua$9(OLS)http://pul/title/217023 996 $6260$aPadova :$b[s.n.]$9(OLS)http://pul/publisher/63332